| 000 -ლიდერი |
| ფიქსირებული სიგრძის საკონტროლო ველი |
00954nam a2200229Ia 4500 |
| 001 - საკონტროლო ნომერი |
| საკონტროლო ველი |
6529 |
| 003 - საკონტროლო ნომრის იდენტიფიკატორი |
| საკონტროლო ველი |
GE_BSU |
| 005 - ბოლო ოპერაციის თარიღი და დრო |
| საკონტროლო ველი |
20191021113420.0 |
| 008 - ფიქსირებული სიგრძის მონაცემთა ელემენტები - ზოგადი ინფორმაცია |
| ფიქსირებული სიგრძის საკონტროლო ველი |
181216s1982||||ge |||||||||||||| ||geo|| |
| 040 ## - კატალოგიზაციის წყარო |
| Transcribing agency |
GE_BSU |
| 041 ## - ენის კოდი |
| Language code of text/sound track or separate title |
geo |
| 080 ## - უნივერსალური ათობითი კლასიფიკაციის ინდექსი |
| Universal Decimal Classification number |
821.353.1-32 ბ-87 |
| 100 ## - მთავარი ჩანაწერი - პიროვნების სახელი |
| Personal name |
ბოსტოღანაშვილი, გივი |
| 9 (RLIN) |
4873 |
| 245 ## - ცნობა სათაურის შესახებ |
| Title |
მსაჯული : |
| Remainder of title |
მოთხრობები / |
| Statement of responsibility, etc |
გივი ბოსტოღანაშვილი ; რედ. ნანა გოგუაძე ; მხატვ. ე. ქიშმარია. |
| 264 ## - წარმოების, გამოცემის, დისტრიბუციის და სხვა ცნობები |
| გამოცემის, წარმოების, დისტრიბუციის... ადგილი |
თბილისი : |
| გამოცემის, წარმოების, დისტრიბუციის... სახელწოდება |
ნაკადული ; |
| გამოცემის, წარმოების, დისტრიბუციის... თარიღი |
1982. |
| 300 ## - ფიზიკური აღწერა |
| Extent |
103 გვ. ; |
| Dimensions |
20 სმ. |
| 653 ## - INDEX TERM--UNCONTROLLED |
| Uncontrolled term |
მსაჯული |
| 653 ## - INDEX TERM--UNCONTROLLED |
| Uncontrolled term |
მოთხრობები |
| 700 ## - ADDED ENTRY--PERSONAL NAME |
| Personal name |
გოგუაძე, ნანა |
| Relator term |
რედაქტორი |
| 9 (RLIN) |
4874 |
| 700 ## - ADDED ENTRY--PERSONAL NAME |
| Personal name |
ქიშმარია, ე. |
| Relator term |
მხატვარი |
| 9 (RLIN) |
4875 |
| 942 ## - ADDED ENTRY ELEMENTS (KOHA) |
| Koha item type |
წიგნი |
| Source of classification or shelving scheme |
|